BIBLIOTECA

SENCICO

Construcciones rurales (Registro nro. 1779)

Detalles MARC
000 -LEADER
fixed length control field 00547nam a2200181Ia 4500
005 - DATE AND TIME OF LATEST TRANSACTION
control field 20251020182522.0
008 - FIXED-LENGTH DATA ELEMENTS--GENERAL INFORMATION
fixed length control field 200515s9999 xx 000 0 und d
082 ## - DEWEY DECIMAL CLASSIFICATION NUMBER
Classification number 69:63/U48
100 ## - MAIN ENTRY--PERSONAL NAME
Personal name URBINA BARRETO, Juan
245 #0 - TITLE STATEMENT
Title Construcciones rurales
260 ## - PUBLICATION, DISTRIBUTION, ETC.
Place of publication, distribution, etc. Lima
260 ## - PUBLICATION, DISTRIBUTION, ETC.
Date of publication, distribution, etc. 1978
500 ## - GENERAL NOTE
General note 1 ejemplar
520 ## - SUMMARY, ETC.
Summary, etc. Manual sobre las construcciones rurales iniciándose desde una graficación del proyecto hasta su culminación con sus respectivos planos y graf.
650 ## - SUBJECT ADDED ENTRY--TOPICAL TERM
Topical term or geographic name entry element CONSTRUCCIONES RURALES
650 ## - SUBJECT ADDED ENTRY--TOPICAL TERM
Topical term or geographic name entry element LIB
942 ## - ADDED ENTRY ELEMENTS (KOHA)
Koha item type Libros
Existencias
Fecha de la última vez que lo usaron Pago total Signatura topográfica completa Código de barras Precio efectivo desde Tipo de documento Estado perdido Estado dañado No es para préstamo Retirado Ubicación permanente Ubicación actual Fecha de adquisición
15/05/2020   69:63/U48 Bib-Lima15051779 15/05/2020 Libros         Biblioteca Central Lima Biblioteca Central Lima 15/05/2020